000 00976nam a2200289Ia 4500
001 Para_9401
003 CHAP
008 220125s2008 xx 000 0 und d
010 _a208098
040 _cCHAP
090 _aTESIS 2134
100 _aRuíz Cortés, Ruperto
_9100636
245 _aControl químico postemergente de malezas en el cultivo de maíz (Zea mays L.) en Tres Valles, Veracruz /
_c por Ruperto Ruíz Cortés
260 _aChapingo, Méx. :
_b el autor
300 _a50 h.
502 _aTesis (Ing. Agr. Esp. en Parasitología Agrícola) -- UACh. Departamento Parasitología Agrícola
650 _aMaíz
_x malas hierbas
_x control
_971003
650 _aMalas hierbas
_x control
_970011
710 _aUACh. Departamento Parasitología Agrícola
_9164025
901 _aTESIS 2134
902 _aM
905 _a0000002008 n 0000000000 00
910 _a2008
942 _cPARA
942 _cPARA
_d2
999 _c208098
_d208098